000 00860nab a2200253uu 4500
001 14197
003 HDC
007 cr aa aaaau
008 210214p2007 my ||||| |||| 00| 0 eng d
040 _aHDC
100 _aFaizah Shariff
_eauthor
_914795
245 0 _aPalm Oil Supply and Disappearance: A Review / by
_cFaizah Shariff
260 _aKuala Lumpur :
_bMalaysian Palm Oil Board,
_c2007
300 _a1 online resource ( 11 pages )
336 _atext
_2rdacontent
337 _acomputer
_2rdamedia
338 _aonline resource
_2rdacarrier
650 _aPalm Oil
_9212
650 _aSupply and disappearance
_914195
856 _zRequest full-text at [email protected]
942 _2lcc
942 _cAR
942 _kJART 003386
999 _c11513
_d11513